LEADER 00994nam0-2200301---450- 001 990008618520403321 005 20080218105457.0 035 $a000861852 035 $aFED01000861852 035 $a(Aleph)000861852FED01 035 $a000861852 100 $a20080218d1922----km-y0itay50------ba 101 0 $aita 102 $aDE 105 $aa-------001yy 200 1 $a<>eruzioni sottomarine, i fenomeni vulcanici secondari nelle Eolie e le eruzioni storiche di Lipari$fO. De Fiore 210 $aBerlin$cReimer$d1922 215 $ap. 114-154, 1-54$cill.$d25 cm 225 1 $aZeitschrift für Vulkanologie$v6 610 0 $aSicilia$aIsole Eolie$aEruzioni 700 1$aDe Fiore,$bOttorino$0271597 801 0$aIT$bUNINA$gRICA$2UNIMARC 901 $aBK 912 $a990008618520403321 952 $aMisc.007-034$bIst. 1872$fILFGE 959 $aILFGE 996 $aEruzioni sottomarine, i fenomeni vulcanici secondari nelle Eolie e le eruzioni storiche di Lipari$9714979 997 $aUNINA LEADER 01243nam a2200385 i 4500 001 991001559829707536 008 030415s2002 sz a b 000 0 eng d 020 $a3764367202 035 $ab12164549-39ule_inst 040 $aDip.to Matematica$beng 082 0 $a512.7$221 084 $aAMS 05-06 084 $aAMS 11-06 084 $aAMS 05A18 084 $aAMS 11F 084 $aAMS 11G 084 $aAMS 11J 084 $aAMS 11M 084 $aAMS 11R 084 $aAMS 14G 084 $aAMS 14H52 084 $aLC QA241.N86714 245 00$aNumber theory and discrete mathematics /$cA.K. Agarwal ... [et al.], editors 260 $aBasel ; Boston ; Berlin :$bBirkhäuser,$cc2002 300 $axvi, 314 p. :$bill. ;$c24 cm 440 0$aTrends in mathematics 504 $aIncludes bibliographical references. 650 0$aNumber theory$vCongresses 700 1 $aAgarwal, Ashok K. 907 $a.b12164549$b02-04-14$c15-04-03 912 $a991001559829707536 945 $aLE013 05-XX AGA21 (2002)$g1$i2013000138084$lle013$op$pE96.00$q-$rl$s- $t0$u6$v0$w6$x0$y.i12506084$z28-04-03 996 $aNumber theory and discrete mathematics$9147501 997 $aUNISALENTO 998 $ale013$b15-04-03$cm$da $e-$feng$gsz $h0$i1 LEADER 01456nam 22004453 450 001 9910693720703321 005 20190301164300.0 035 $a(VaAlASP)4051304 035 $a(CKB)4940000000505031 035 9 $aocm54448220 035 $a(OCoLC)54448220 035 $a(VaAlASP)ASP4051304/bord 035 $a(EXLCZ)994940000000505031 100 $a20190301d||||xx|| || g 101 0 $aeng 135 $auran||||||||| 181 $ctxt$2rdacontent 182 $cc$2rdamedia 182 $cn$2rdamedia 183 $acr$2rdacarrier 200 00$aSupplemental Security Income 210 1$a[Place of publication not identified] :$c[publisher not identified],$d[20--?] 215 $a1 online resource (1 page) 225 0 $aBorder and Migration Studies Online (Text) 225 0 $aImmigration during the Carter Administration: Records of the Cuban-Haitian Task Force (RG220) 300 $aTitle from resource description page (viewed March 01, 2019). 606 $aHumanitarian Aid 606 $aMigration and Diaspora 606 $aWelfare and public relief 608 $aGovernment/court document 615 4$aHumanitarian Aid 615 4$aMigration and Diaspora 615 4$aWelfare and public relief 712 02$aUnited States.$bSocial Security Administration. 801 0$bVaAlASP 801 1$bVaAlASP 906 $aBOOK 912 $a9910693720703321 996 $aSupplemental Security Income$92881136 997 $aUNINA